Click the Asian Capitals on a Map - Statistics

General Stats
  • This quiz has been taken 40,309 times
  • The average score is 19 of 48
Answers on the Map
Answers color-coded by a green-red scale on the quiz's map according to % correct below.
 
Answer Stats
Answer % Correct
Seoul
55%
Tokyo
54%
Jerusalem
53%
Pyongyang
52%
Abu Dhabi
51%
Taipei
51%
Kuwait City
50%
Beirut
48%
Kathmandu
48%
Bangkok
47%
Sri Jayawardenapura
Kotte
47%
Singapore
47%
Damascus
46%
Doha
46%
Ankara
45%
Baghdad
45%
Nicosia
45%
Tbilisi
45%
Dhaka
44%
Phnom Penh
44%
Baku
43%
Manila
43%
Kabul
41%
Kuala Lumpur
41%
Riyadh
41%
Amman
40%
Malé
39%
Yerevan
39%
Muscat
37%
Thimphu
37%
Vientiane
37%
Hanoi
35%
Naypyidaw
35%
New Delhi
35%
Sana'a
35%
Tehran
35%
Bandar Seri
Begawan
34%
Jakarta
34%
Ulaanbaatar
33%
Manama
32%
Beijing
31%
Dili
31%
Islamabad
31%
Bishkek
27%
Dushanbe
25%
Ashgabat
23%
Tashkent
21%
Astana
15%
No matching quizzes found
Score Distribution
Percent of People with Each Score
Percentile by Number Answered
Your Score History
You have not taken this quiz